| 000 | 01453cam a2200313 i 4500 | ||
|---|---|---|---|
| 003 | SA-RiAUC | ||
| 005 | 20240922131422.0 | ||
| 008 | 240919s1996 su g b 000 0 ara c | ||
| 040 |
_aSA-AhKFU _bara _cSA-RiAUC _erda |
||
| 043 | _aed----- | ||
| 082 | 0 | 4 |
_a953.09 _qSA-RiAUC |
| 090 |
_a953.09 _b ر و ق |
||
| 100 | 1 |
_aالروقي، عايض بن خزام غدري، _d1370 هجري- _eمؤلف. |
|
| 245 | 1 | 0 |
_aحروب البلقان والحركة العربية في المشرق العربي العثماني 1330-1332 هـ / 1912-1913 / _cعايض بن خزام الروقي. |
| 264 | 1 |
_aمكة الكرمة : _bجامعة أم القرى، _c1996 |
|
| 300 |
_a455 صفحة ؛ _c24 سم |
||
| 336 |
_aنص _btxt _2rdacontent _3كتاب |
||
| 337 |
_aبدون وسيط _bn _2rdamedia |
||
| 338 |
_aمجلد _bnc _2rdacarrier |
||
| 490 | _3بحوث الدراسات الاسلامية | ||
| 500 | _aاصل هذا الكتاب رسالة علمية لنيل درجة الدكتوراة | ||
| 504 | _aببليوجرافية : صفحة 419-451. | ||
| 651 | 7 |
_aالبلاد العربية _xتاريخ _yالحكم العثماني، 1517-1918 _2aucsh |
|
| 651 | 7 |
_aالبلاد الإسلامية _xتاريخ _yالحكم العثماني، 1288-1918 _2aucsh |
|
| 651 | 7 |
_aالبلقان _xتاريخ _yالحكم العثماني، 1288-1918 _2aucsh |
|
| 942 |
_2ddc _cBOOK _n0 |
||
| 949 |
_aSA-JeALM _d240919 _umohamedma123 _n1 |
||
| 999 |
_c465 _d465 |
||